000
00332nam a22001457a 4500
008
180917b xxu||||| |||| 00| 0 eng d
020
_a
9780062720160
041
_a
eng
080
_a
82
082
_a
82
100
_a
22
101
_a
GJL
245
_a
The American Reader Words that moved a Nation
_c
Ravitch,D
942
_2
udc
_c
BK
999
_c
47840
_d
47840